Principals of transportation engineering (Record no. 554227)

000 -LEADER
fixed length control field 00432nam a22001457a 4500
082 ## - DEWEY DECIMAL CLASSIFICATION NUMBER
Classification number 624.04
Author Mark CHA
-- MCE-L-38, P-66
100 ## - MAIN ENTRY--PERSONAL NAME
Personal name Chakroborty, Partha
9 (RLIN) 20982
245 ## - TITLE STATEMENT
Title Principals of transportation engineering
Statement of responsibility, etc. Chakroborty, Partha
250 ## - EDITION STATEMENT
Edition statement 2nd ed.
260 ## - PUBLICATION, DISTRIBUTION, ETC.
Place of publication, distribution, etc. New Delhi
Name of publisher, distributor, etc. Prentice Hall of India
Date of publication, distribution, etc. 2018
300 ## - PHYSICAL DESCRIPTION
Extent xvi, P-544
Other physical details ill
526 ## - STUDY PROGRAM INFORMATION NOTE
Program name 0
Interest level 0
Reading level 0
Title point value 624_040000000000000_CHA
650 ## - SUBJECT ADDED ENTRY--TOPICAL TERM
Topical term or geographic name entry element MCE
9 (RLIN) 379
942 ## - ADDED ENTRY ELEMENTS (KOHA)
Source of classification or shelving scheme
Koha item type Book
Holdings
Withdrawn status Lost status Source of classification or shelving scheme Damaged status Not for loan Permanent Location Current Location Date acquired Total Checkouts Full call number Barcode Date last seen Date last checked out Price effective from Koha item type
          Military College of Engineering (MCE) Military College of Engineering (MCE) 05/27/2019 1 624.04 CHA MCE-51067 07/15/2020 04/02/2020 05/27/2019 Book
© 2023 Central Library, National University of Sciences and Technology. All Rights Reserved.